High Profile NFL Players on multiple teams - Statistics

General Stats
  • This quiz has been taken 273 times
  • The average score is 36 of 74
Answer Stats
Hint Answer % Correct
Randy Moss Vikings
94%
Jerry Rice 49ers
83%
Packers
82%
Tony Gonzalez Chiefs
81%
Emmitt Smith Cowboys
81%
Dieon Sanders Falcons
81%
Patriots
81%
Vikings
80%
Ladanian Tomlinson Chargers
79%
Kurt Warner Rams
79%
Terrell Owens 49ers
78%
49ers
78%
Cowboys
78%
Jets
78%
Donovan McNabb Eagles
77%
Brett Favre Falcons
77%
Falcons
77%
Reggie Bush Saints
74%
49ers
72%
Cardinals
72%
Raiders
72%
Raiders
71%
Eagles
70%
Julius Peppers Panthers
70%
Jets
67%
Cardinals
66%
Cowboys
66%
Randell Cunningham Eagles
66%
Dolphins
62%
Seahawks
59%
Giants
58%
Vikings
55%
Bears
54%
49ers
53%
Steve Young Buccaneers
53%
Bengals
52%
Ricky Williams Saints
52%
Redskins
51%
Lions
50%
Plaxico Burress Steelers
50%
Ravens
49%
Vinny Testaverde Buccaneers
47%
Vikings
46%
Dolphins
44%
Titans
43%
Vikings
43%
Giants
41%
Bills
35%
Redskins
35%
Buccaneers
31%
Jets
31%
Derrick Mason Titans
31%
Ravens
30%
Willis McGahee Bills
28%
Broncos
28%
Jets
28%
Ravens
24%
Browns
21%
Brad Johnson Vikings
20%
Steelers
18%
Browns
17%
Cowboys
17%
Cowboys
17%
Jets
17%
Ravens
17%
Ravens
15%
Redskins
12%
Panthers
10%
Ravens
10%
Patriots
9%
Vikings
8%
Cowboys
7%
Jets
4%
Texans
1%
No matching quizzes found
Score Distribution
Percent of People with Each Score
Percentile by Number Answered
Your Score History
You have not taken this quiz